00544nam a2200205 a 4500001001300000003000900013005001700022008004100039020002300080082001700103100001700120245003200137260003300169300000900202500003500211505002000246650002900266650002600295700001700321nice12345678IN_TiNIC20260116013155.0050524s1994 newa grp 000 0 eng  a0883448 c73500a230.082bRAE aRae, Eleanor aWomen the Earth, the Divine aNew YorkbOrbis Books c1994 a160p aincludes index and biblioraphy2 aEpilogue, Notes aWomen-Christian Theology aWomen in Christianity1 aRae, Eleanor